00479 2200205 4500001002100000005001500021035002000036007000300056008004100059020002200100082001100122084001700133100000800150245001600158250000600174260003400180300002800214700001400242990001700256INLIS00000000000069320231121090325 a0010-0523000235ta231121 b 1 ind  a978-623-206-366-2 a2x0.01 a2x0.01 AAN q0 aAan1 aQodarullaah aI aSolo :bTiga Serangkai,c2019 a32 :bilus. ;c25 cme-1 aWulandari a00059/K/2022